Представление документа в формате RUSMARC

ПолеНазваниеЗначение
  Тип записи a
  Библиографический уровень c
001 Контрольный номер RU/SLIB/B/208774962
005 Дата корректировки 20201206204317.8
010 Индекс ISBN __
d Цена 1-40
101 Язык документа __
a Язык текста rus
200 Заглавие и сведения об ответственности __
a Заглавие Пьеса
f Первые сведения об ответственности Я. В. Смеляков
b Общее обозначение материала Текст
i Наименование части Статьи, заметки
i Наименование части Выступления
i Наименование части Дневники
i Наименование части Записные книжки
i Наименование части Письма
i Наименование части Из незавершенного
210 Выходные данные __
a Место издания М.
c Издательство Молодая гвардия
d Дата издания 1978
215 Физическое описание __
a Объем 431 с.
327 Примечание о содержании __
a Примечание о содержании Друзья Михаила Югова
461 Уровень набора __
1 2001
a Собрание сочинений
v Т. 3
606 Тематические рубрики __
a Основная рубрика Художественная литература
y Географическая подрубрика Россия
606 Тематические рубрики __
a Основная рубрика Русская литература XX в. (произведения)
610 Ключевые слова __
a Ключевые слова писатели; поэты; поэзия; поэмы; стихи; стихотворения; дневники; выступления; письма; пьесы; статьи; заметки
686 Индексы других классификаций __
a Классификационный индекс 84(2Рос=Рус)6-4
700 Автор __
a Фамилия Смеляков
b Имя Я. В.
4 Код отношения 070
801 Источник записи _0
a Страна RU
b Организация Муниципальное бюджетное учреждение культуры "Централизованная библиотечная система" г. Сургут (Центральная городская библиотека им. А. С. Пушкина)
g Правила каталогизации КиК/Елгина
801 Источник записи _1
a Страна RU
b Организация Муниципальное бюджетное учреждение культуры "Централизованная библиотечная система" г. Сургут (Центральная городская библиотека им. А. С. Пушкина)
g Правила каталогизации КиК/Елгина
852 Данные о местонахождении __
j Шифр хранения 84(2Рос=Рус)6-4
i Авторский знак С 50
p Инвентарный номер 123517(с)
901 Тип документа __
t Тип документа x
969 Тип издания __
a Тип издания сборник
990 Данные о заказе (DOS) __
j Количество экземпляров (DOS) 1
t N записи в КСУ для И/У (DOS) ретро